Online
Catalog

Proyecto: (Record no. 50066)

MARC details
000 -CABECERA
campo de control de longitud fija 01674nam a22002897a 4500
003 - IDENTIFICADOR DEL NÚMERO DE CONTROL
campo de control DO-SdBNP
005 - FECHA Y HORA DE LA ÚLTIMA TRANSACCIÓN
campo de control 20221121133815.0
007 - CAMPO FIJO DE DESCRIPCIÓN FÍSICA--INFORMACIÓN GENERAL
campo de control de longitud fija ta
008 - DATOS DE LONGITUD FIJA--INFORMACIÓN GENERAL
campo de control de longitud fija 210707e2003 dr abd|er|||| 001 0 spa d
040 ## - FUENTE DE LA CATALOGACIÓN
Centro catalogador/agencia de origen DO-SdBNP
Lengua de catalogación spa
Centro/agencia transcriptor BNPHU
041 ## - CÓDIGO DE LENGUA
Código de lengua original spa
082 #4 - NÚMERO DE LA CLASIFICACIÓN DECIMAL DEWEY
Número de documento/Ítem C755p
Número de edición 22
110 2# - ENTRADA PRINCIPAL--NOMBRE DE ENTIDAD CORPORATIVA
Nombre de entidad corporativa o nombre de jurisdicción como elemento de entrada Consejo Regional de Desarrollo (CRD)
9 (RLIN) 79133
245 00 - MENCIÓN DE TÍTULO
Título Proyecto:
Resto del título ferrocarril internacional nordeste- dominico- haitiano /
260 ## - PUBLICACIÓN, DISTRIBUCIÓN, ETC.
Lugar de publicación, distribución, etc. San Francisco de Macorís, República Dominicana :
Nombre del editor, distribuidor, etc. Imprenta Primo,
Fecha de publicación, distribución, etc. 2003.
300 ## - DESCRIPCIÓN FÍSICA
Extensión 68 p. :
Otras características físicas il., graf., retr. ;
Dimensiones 21 cm.
505 2# - NOTA DE CONTENIDO CON FORMATO
Nota de contenido con formato Introducción.
Título 1. Propósito.--
-- 2. Historia del Ferrocarril en el Cibao.--
-- 3. Incidencia de la Construcción de los Ferrocarriles en la Economía Regional.--
-- 4. Justificación de la propuesta.--
-- 5. Impacto Beneficios-Usuarios.--
-- 6. Justificación del Proyecto de Conexión con Haití.--
-- 7. Ruta de Ferrocarril Internacional.--
-- 8. Características Técnicas del Ferrocarril Nordeste-Dominicana-Haití.--
-- Consejo de Directores del CRD.--
-- Consejo de asesores del CRD.--
-- Publicaciones del Realizadas por el CRD.
590 ## - NOTA LOCAL (RLIN)
Nota local Inventariado, 2022/BT
610 #4 - PUNTO DE ACCESO ADICIONAL DE MATERIA--NOMBRE DE ENTIDAD CORPORATIVA
9 (RLIN) 79133
Nombre de entidad corporativa o nombre de jurisdicción como elemento de entrada Consejo Regional de Desarrollo (CRD)
650 #4 - PUNTO DE ACCESO ADICIONAL DE MATERIA--TÉRMINO DE MATERIA
9 (RLIN) 30578
Término de materia o nombre geográfico como elemento de entrada Proyectos de Desarrollo Económico
Subdivisión general Evaluación
Subdivisión geográfica San Francisco de Macorís (República Dominicana)
650 ## - PUNTO DE ACCESO ADICIONAL DE MATERIA--TÉRMINO DE MATERIA
9 (RLIN) 30579
Término de materia o nombre geográfico como elemento de entrada Proyecto de Desarrollo Económicos
Subdivisión general Aspectos Sociales
Subdivisión geográfica San Francisco de Macorís (República Dominicana)
650 #4 - PUNTO DE ACCESO ADICIONAL DE MATERIA--TÉRMINO DE MATERIA
9 (RLIN) 76457
Término de materia o nombre geográfico como elemento de entrada Proyectos
Subdivisión geográfica República Dominicana
650 #4 - PUNTO DE ACCESO ADICIONAL DE MATERIA--TÉRMINO DE MATERIA
9 (RLIN) 17702
Término de materia o nombre geográfico como elemento de entrada Ferrocarriles
Subdivisión general Historia
Subdivisión cronológica 1975-1980
Subdivisión geográfica República Dominicana
650 #4 - PUNTO DE ACCESO ADICIONAL DE MATERIA--TÉRMINO DE MATERIA
9 (RLIN) 12108
Término de materia o nombre geográfico como elemento de entrada Ferrocarriles
Subdivisión geográfica República Dominicana
910 ## - DATOS DE OPCIÓN DEL USUARIO (OCLC)
Datos de opción del usuario MFeliz
942 ## - ELEMENTOS DE PUNTO DE ACCESO ADICIONAL (KOHA)
Fuente del sistema de clasificación o colocación Dewey Decimal Classification
Tipo de ítem Koha Libro
Holdings
Estado de retiro Estado de pérdida Fuente del sistema de clasificación o colocación Restricciones de uso No para préstamo Código de colección Localización permanente Ubicación/localización actual Ubicación en estantería Fecha de adquisición Fuente de adquisición Signatura topográfica completa Código de barras Fecha visto por última vez Precio válido a partir de Tipo de ítem Koha Total de préstamos
    Dewey Decimal Classification Excluido de préstamo   Patrimonio Dominicano Biblioteca Nacional Pedro Henríquez Ureña Biblioteca Nacional Pedro Henríquez Ureña En catalogación 07.07.2018 Doando por CERTV C755p 2021-2455 07.07.2021 07.07.2021 Libro  
    Dewey Decimal Classification Excluido de préstamo   Patrimonio Dominicano Biblioteca Nacional Pedro Henríquez Ureña Biblioteca Nacional Pedro Henríquez Ureña En catalogación 21.11.2022 Donación C755p 2022-5528 21.11.2022 21.11.2022 Libro  

Powered by Koha